000 00774cam a2200217 a 4500
001 000007157
005 20200929154101.0
008 820312s1972 sp a 001 0 spa
040 _aDO-SdBNP
_cCarP
_dDLC
082 _a738
_bC969V
100 1 _aValles, Román,
_d1923-
_919869
245 1 0 _aCumella /
_cRomán Valles.
260 _aMadrid :
_bDirección General de Bellas Artes :
_bServicio de Publicaciones del Ministerio de Educación y Ciencia,
_c1972.
300 _a70 p. :
_bil. ;
_c18 cm.
490 1 _aCeramistas
_vno. 30
600 1 0 _aCUMELLA, ANTONI
_q(ANTONI CUMELLA I SERRET)
_d1913-1985.
_919870
650 4 _aCerámica española
_919871
650 0 _aCerámica
_xExposiciones
_919872
830 0 _aCeramistas
_vno. 30
_919873
910 _aCatalogación por copia / LC
999 _c6938
_d6938